| 000 | 01126cam a22003134a 4500 | ||
|---|---|---|---|
| 001 | 13465827 | ||
| 003 | OSt | ||
| 005 | 20220531035423.0 | ||
| 008 | 040122s2003 nyua bf 001 0 eng | ||
| 010 | _a 2004268066 | ||
| 020 | _a0072225254 | ||
| 020 | _a0072225262 (book) | ||
| 020 | _a0072225270 (CD) | ||
| 040 |
_aMMU _cMMU _dMMU _beng |
||
| 042 | _apcc | ||
| 050 | 0 | 0 |
_aTK7887 _b.B52 2003 |
| 082 | 0 | 0 |
_a004.16 _222 |
| 100 | 1 | _aBigelow, Stephen J. | |
| 245 | 1 | 0 |
_aBigelow's PC hardware desk reference / _cStephen J. Bigelow. |
| 246 | 1 | 8 | _aPC hardware desk reference |
| 260 |
_aNew York : _bMcGraw-Hill/Osborne, _cc2003. |
||
| 300 |
_alxxiv, 1552 p. : _bill. ; _c24 cm. + _e1 CD-ROM (4 3/4 in.) |
||
| 500 | _aIncludes bibliographical references and index. | ||
| 650 | 0 |
_aMicrocomputers _xMaintenance and repair _vHandbooks, manuals, etc. |
|
| 650 | 0 |
_aMicrocomputers _xUpgrading _vHandbooks, manuals, etc. |
|
| 856 | 4 | 2 |
_3Publisher description _uhttp://www.loc.gov/catdir/description/mh051/2004268066.html |
| 856 | 4 | 1 |
_3Table of contents _uhttp://www.loc.gov/catdir/toc/mh041/2004268066.html |
| 942 |
_2lcc _cLOAN LOAN |
||
| 999 |
_c26127 _d26127 |
||